00652nam a2200205 a 4500999001500000001000600015003000900021005001700030008004100047020001800088040003800106082002000144100001600164245004900180260003900229300002800268650002000296942001200316952011800328 c3864d386418527BD-DhUAP20200312163036.0200312s2000 enk 000 0 eng d a9780571246977 aBD-DhUAPcBD-DhUAPdBD-DhUAPbEng00a821.912 AUD2231 aAuden, W.H.10aPoems selected by John Fuller /cW.H. Auden. aLondon :bFaber and Faber,cc2000. axii, 98 pages ;c18 cm. aEnglish poetry. 2ddccBK 00102ddc4070aUAPCLbUAPCLcGeneral Stacksd2020-03-12o821.912 AUDp3010018527r2020-03-12t1w2020-03-12yBK